书目信息 |
| 题名: |
沟通力
|
|
| 作者: | 费希尔 , 布朗 著 ;王燕 译 | |
| 分册: | ||
| 出版信息: | 北京 中信出版社 2009.04 |
|
| 页数: | 160页 | |
| 开本: | 21cm | |
| 丛书名: | ||
| 单 册: | ||
| 中图分类: | C912.1 | |
| 科图分类: | ||
| 主题词: | 人际关系--通俗读物 | |
| 电子资源: | ||
| ISBN: | 978-7-5086-1446-5 | |
| 000 | 01076nam0 2200253 450 | |
| 001 | 004192181 | |
| 005 | 20100608101709.68 | |
| 010 | @a978-7-5086-1446-5@dCNY20.00 | |
| 100 | @a20100515d2009 em y0chiy0110 ea | |
| 101 | 1 | @achi@ceng |
| 102 | @aCN@b110000 | |
| 105 | @ay z 000yy | |
| 200 | 1 | @a沟通力@Agou tong li@d= Getting together: building relationships as we negotiate@f(美) 罗杰·费希尔,斯科特·布朗著@F(mei)luo jie·fei xi er,si ke te·bu lang zhu@g王燕译@zeng |
| 210 | @a北京@c中信出版社@d2009.04 | |
| 215 | @a160页@d21cm | |
| 330 | @a本书内容分为三部分:第一部分详细介绍了我们在处理所有关系时所要达到的目标;第二部分叙述了建立良好关系的基本要素;第三部分提出了一种方法或者说策略,能帮助我们建立有利于解决问题的合作关系。 | |
| 500 | 10 | @aGetting together: building relationships as we negotiate@mChinese |
| 606 | 0 | @a人际关系@j通俗读物 |
| 690 | @aC912.1@v4 | |
| 701 | 1 | @a费希尔@Afei xi er@g(Fisher, Roger)@4著 |
| 701 | 1 | @a布朗@Abu lang@g(Brown, Scott)@4著 |
| 702 | 0 | @a王燕@Awang yan@Awang yan@4译 |
| 801 | 0 | @aCN@c20100515 |
| 905 | @dC912.1@eF371@f3 | |
| 沟通力= Getting together: building relationships as we negotiate/(美) 罗杰·费希尔,斯科特·布朗著/王燕译.-北京:中信出版社,2009.04 |
| 160页;21cm |
| ISBN 978-7-5086-1446-5:CNY20.00 |
| 本书内容分为三部分:第一部分详细介绍了我们在处理所有关系时所要达到的目标;第二部分叙述了建立良好关系的基本要素;第三部分提出了一种方法或者说策略,能帮助我们建立有利于解决问题的合作关系。 |
| ● |
| 相关链接 |
|
|
|
正题名:沟通力
索取号:C912.1/F371
 
预约/预借
| 序号 | 登录号 | 条形码 | 馆藏地/架位号 | 状态 | 备注 |